| 000 | 01142nam a2200277 i 4500 | ||
|---|---|---|---|
| 001 | bg | ||
| 100 | 1 | _aSTRZYSZCZ, Zygmunt | |
| 245 | 1 | 0 |
_aRekultywacja i biologiczne zagospodarowanie odpadów górnictwa węgla kamiennego ze szczególnym uwzględnieniem centralnych zwałowisk / _cZygmunt Strzyszcz, Zdzisław Harabin. |
| 260 |
_aZabrze : _bIPIS, _c2004. |
||
| 490 | 1 |
_aPrace i Studia / Instytut Podstaw Inżynierii Środowiska Polskiej Akademii Nauk = _aWorks & Studies / Institute of Environmental Engineering of the Polish Academy of Sciences, _x0208-4112 ; _vno. 61 |
|
| 500 | _aStrescz. pol., ang. | ||
| 504 | _aBibliogr. | ||
| 650 | 9 |
_aOdpady górnicze _xgospodarka |
|
| 650 | 9 |
_aSzkody górnicze _xzapobieganie i zwalczanie |
|
| 650 | 9 | _aZadrzewianie | |
| 650 | 9 | _aRekultywacja gruntów | |
| 700 | 1 | _aHARABIN, Zdzisław | |
| 830 | 0 |
_aPrace i Studia (Instytut Podstaw Inżynierii Środowiska Polskiej Akademii Nauk) ; _vno. 61 |
|
| 020 | _a8392151410 | ||
| 040 | _cBPK | ||
| 041 | 0 |
_apol _beng |
|
| 080 | _a622:628.4/.5:630.9:631.6 | ||
| 920 | _a83-921514-1-0 | ||
| 942 | _cKS | ||
| 008 | s pl f |000 0 pol | ||
| 999 |
_c46460 _d46460 |
||
| 856 |
_uhttp://koha.tu.koszalin.pl/cgi-bin/koha/opac-detail.pl?biblionumber=46460 _yKatalog online BPK |
||